Statistics for Countries against condemning Russia in 2023

Click here to take the quiz!

General Stats

  • This quiz has been taken 12 times
  • The average score is 12 of 19

Answer Stats

HintAnswer% Correct
EuropeBelarus
100%
AsiaChina
100%
AsiaNorth Korea
100%
Type RussiaRussia
90%
South AmericaVenezuela
90%
North AmericaCuba
80%
AsiaIran
80%
AfricaNiger
70%
AsiaSyria
70%
AfricaSudan
60%
AfricaCentral African Republic
50%
AsiaMyanmar
50%
North AmericaNicaragua
50%
AfricaZimbabwe
50%
AfricaBurkina Faso
40%
AfricaEritrea
40%
North AmericaHonduras
40%
AfricaMali
40%
AfricaBurundi
30%

Score Distribution

Percentile by Number Answered

Percent of People with Each Score

Your Score History

You have not taken this quiz